Statistics for Famous People by Signature #3

Click here to take the quiz!

General Stats

  • This quiz has been taken 30 times
  • The average score is 5 of 12

Answer Stats

Answer% Correct
Bruce Lee
86%
Scarlett Johansson
83%
Amy Winehouse
55%
Whitney Houston
55%
John McCain
48%
Ozzy Osbourne
48%
Bono
31%
Dave Bautista
31%
Vin Diesel
10%
Jim Carrey
7%
Zoe Saldana
7%
Bradley Cooper
3%

Score Distribution

Percentile by Number Answered

Percent of People with Each Score

Your Score History

You have not taken this quiz